000
00264nam a2200109Ia 4500
001
1268590
005
20260417145253.0
008
260417s9999 xx 000 0 und d
020
_a
9786256910188
245
0
_a
Newton
_c
Tuğba Hatun Murat
260
_b
Ketebe Çocuk
999
_c
1268590
_d
1268590